000 00544nam a2200229Ia 4500
005 20260320201216.0
008 008 262003s9999 xx 000 0 eng d
037 _aEBOOK
040 _aCRL
040 _beng
040 _cCRL
041 _2eng
041 _aeng
084 _qCRL
245 0 _aBibliometric Analyses in Data-Driven Decision-Making
260 _bIEEE
260 _c2025
856 _uhttps://ieeexplore.ieee.org/servlet/opac?bknumber=11173593
942 _cEBOOK
999 _c1719695
_d1719695